000 00710nam a2200205Ia 4500
003 GCL
008 140319s9999 xx 000 0 ara d
040 _aGCL /
_cGCL
082 0 4 _a370.1
_bم م
100 1 _aمحمد مصطفى زيدان
245 1 0 _aمفاهيم واتجاهات حديثة فى تعليم اطفال المدرسة الابتدائية /
_cمحمد مصطفى زيدان
700 1 _aمحمد سليمان شعلان (مراجع)
700 1 _aسعاد جاد الله
260 _aالقاهرة :
_bمكتبة غريب
300 _a136 ؛
_c24 سم
650 0 4 _aالتعليم
650 0 4 _aالتربية
650 0 4 _aالتعليم الابتدائى
942 _2ddc
_cBK
999 _c43760
_d43760